Every Player - VCT EMEA - Statistics

General Stats
  • This quiz has been taken 613 times
    19 since last reset
  • The average score is 118 of 152
Answer Stats
Year Nationality Team(s) Answer % Correct
2023 / 2024 / 2025 / 2026 tr.webp 62a40cc2b5e29.png Alfajer
100%
2023 / 2024 / 2025 / 2026 gb.webp 62a40cc2b5e29.png Boaster
100%
2023 / 2024 / 2025 / 2026 lt.webp 637b755224c12.png Boo
100%
2023 / 2024 / 2025 / 2026 ru.webp 62a40cc2b5e29.png 6466d79e1ed40.png Chronicle
100%
2023 / 2024 / 2025 / 2026 fi.webp 62a40cc2b5e29.png 6466d79e1ed40.png Derke
100%
2024 fr.webp 640c381f0603f.png Enzo
100%
2024 / 2025 / 2026 tr.webp 62a40cc2b5e29.png 62a4109ddbd7f.png hiro
100%
2023 / 2024 / 2025 / 2026 fi.webp 640c381f0603f.png 65b8ccef5e273.png 6466d79e1ed40.png Jamppi
100%
2024 / 2025 / 2026 lt.webp 637b755224c12.png 640c381f0603f.png MiniBoo
100%
2024 / 2026 us.webp 627403a0d9e48.png N4RRATE
100%
2023 / 2024 / 2025 / 2026 ru.webp 640c381f0603f.png nAts
100%
2026 md.webp 6466d79e1ed40.png Sayonara
100%
2026 de.webp 656e2ae2b8a48.png al0rante
90%
2023 / 2024 / 2025 ua.webp 62a4109ddbd7f.png ANGE1
90%
2025 / 2026 ro.webp 657b2f3fcd199.png ara
90%
2023 / 2024 / 2025 tr.webp 632be9976b8fe.png AtaKaptan
90%
2026 tr.webp 67d59bfc9eb2a.png 6628980dcdaea.png audaz
90%
2025 / 2026 eg.webp 627403a0d9e48.png Avez
90%
2023 / 2025 dk.webp 637b755224c12.png 63bd4a379f758.png AvovA
90%
2024 / 2025 / 2026 gb-eng.webp 637b755224c12.png benjyfishy
90%
2026 it.webp 6670153fa9120.png bipo
90%
2026 us.webp 62a4109ddbd7f.png chloric
90%
2025 de.webp 6670153fa9120.png Click
90%
2023 / 2024 / 2025 / 2026 ru.webp 61dfcae52b0d8.png 657b2f3fcd199.png Cloud
90%
2023 / 2024 / 2025 / 2026 tr.webp 62a4109ddbd7f.png 632be9976b8fe.png 656e2ae2b8a48.png cNed
90%
2025 / 2026 tr.webp 6670153fa9120.png 637b755224c12.png 62a4109ddbd7f.png ComeBack
90%
2025 / 2026 us.webp 62a40cc2b5e29.png crashies
90%
2026 tr.webp 65b8ccef5e273.png Crewen
90%
2025 / 2026 fr.webp 6466d79e1ed40.png 62a40cc2b5e29.png CyvOph
90%
2026 kz.webp 627403a0d9e48.png dos9
90%
2025 vn.webp 63bd4a379f758.png florescent
90%
2026 tr.webp 6628980dcdaea.png Izzy
90%
2025 / 2026 pl.webp 62a40cc2b5e29.png kaajak
90%
2023 fr.webp 637b755224c12.png keloqz
90%
2026 lt.webp 637b755224c12.png koshmaras
90%
2026 tr.webp 65b8ccef5e273.png Lar0k
90%
2025 / 2026 tr.webp 65b8ccef5e273.png 627403a0d9e48.png LewN
90%
2026 tr.webp 65b8ccef5e273.png Loita
90%
2026 tr.webp 65b8ccef5e273.png lovers rock
90%
2024 / 2025 cz.webp 627403a0d9e48.png 65b8ccef5e273.png MAGNUM
90%
2024 / 2025 / 2026 cz.webp 627403a0d9e48.png 6670153fa9120.png marteen
90%
2025 / 2026 cz.webp 6670153fa9120.png Minny
90%
2023 fr.webp 627403a0d9e48.png Newzera
90%
2026 pl.webp 656e2ae2b8a48.png NINJA
90%
2023 be.webp 627403a0d9e48.png Nivera
90%
2024 / 2025 pl.webp 637b755224c12.png 640c381f0603f.png paTiTek
90%
2025 ca.webp 63bd4a379f758.png penny
90%
2024 / 2025 / 2026 tr.webp 637b755224c12.png RieNs
90%
2025 nl.webp 6670153fa9120.png RobbieBk
90%
2026 tr.webp 65b8ccef5e273.png Rosé
90%
2025 / 2026 tr.webp 62a4109ddbd7f.png Ruxic
90%
2026 tr.webp 632be9976b8fe.png s0pp
90%
2023 / 2024 / 2025 se.webp 640c381f0603f.png 6466d79e1ed40.png Sayf
90%
2023 be.webp 627403a0d9e48.png ScreaM
90%
2025 lv.webp 640c381f0603f.png Serial
90%
2026 mx.webp 656e2ae2b8a48.png seven
90%
2023 / 2024 fr.webp 627403a0d9e48.png sh1n
90%
2023 / 2024 / 2025 / 2026 1280px-Flag_of_the_United_Nations.svg.png 62a4109ddbd7f.png Shao
90%
2023 / 2024 / 2025 / 2026 ru.webp 67667c7a563be.png 627403a0d9e48.png sheydos
90%
2025 / 2026 tr.webp 65b8ccef5e273.png 62a4109ddbd7f.png 632be9976b8fe.png sociablEE
90%
2025 / 2026 fr.webp 6670153fa9120.png 62a40cc2b5e29.png Veqaj
90%
2026 sg.webp 640c381f0603f.png wayne
90%
2024 / 2025 / 2026 tr.webp 637b755224c12.png Wo0t
90%
2023 eg.webp 627403a0d9e48.png ZE1SH
90%
2025 cz.webp 62a4109ddbd7f.png alexiiik
80%
2024 lv.webp 62a4109ddbd7f.png ardiis
80%
2026 tr.webp 632be9976b8fe.png baha
80%
2024 fr.webp 6670153fa9120.png beyAz
80%
2024 / 2025 tr.webp 65b8ccef5e273.png 627403a0d9e48.png Elite
80%
2026 tr.webp 67d59bfc9eb2a.png 6628980dcdaea.png Favian
80%
2023 / 2024 es.webp 61dfcae52b0d8.png 657b2f3fcd199.png Fit1nho
80%
2025 / 2026 be.webp 657b2f3fcd199.png Flickless
80%
2026 ph.webp 6670153fa9120.png GLYPH
80%
2025 kr.webp 63bd4a379f758.png Governor
80%
2024 / 2025 / 2026 pl.webp 67667c7a563be.png 657b2f3fcd199.png grubinho
80%
2024 / 2025 / 2026 pl.webp 67667c7a563be.png 640c381f0603f.png kamo
80%
2023 / 2025 pl.webp 62a40cc2b5e29.png 640c381f0603f.png 6670153fa9120.png kamyk
80%
2024 / 2025 gb.webp 640c381f0603f.png Keiko
80%
2024 / 2025 / 2026 ee.webp 6466d79e1ed40.png 640c381f0603f.png Kicks
80%
2025 ca.webp 62a4109ddbd7f.png koalanoob
80%
2026 ua.webp 62a4109ddbd7f.png Kolosha
80%
2026 tr.webp 632be9976b8fe.png KROSTALY
80%
2023 / 2024 se.webp 62a40cc2b5e29.png Leo
80%
2025 br.webp 6466d79e1ed40.png Less
80%
2024 gb.webp 640c381f0603f.png Mistic
80%
2023 / 2025 pl.webp 6466d79e1ed40.png 63bd4a379f758.png MOLSI
80%
2025 cz.webp 67667c7a563be.png MONSTEERR
80%
2024 / 2025 fr.webp 6670153fa9120.png 67667c7a563be.png nataNk
80%
2025 / 2026 pl.webp 65b8ccef5e273.png 6466d79e1ed40.png PROFEK
80%
2024 / 2025 / 2026 ru.webp 657b2f3fcd199.png 640c381f0603f.png purp0
80%
2026 rs.webp 656e2ae2b8a48.png qpert
80%
2024 / 2025 mk.webp 6466d79e1ed40.png 657b2f3fcd199.png runneR
80%
2025 ar.webp 627403a0d9e48.png saadhak
80%
2024 / 2025 pt.webp 627403a0d9e48.png 657b2f3fcd199.png tomaszy
80%
2023 / 2024 / 2025 ru.webp 67667c7a563be.png 6466d79e1ed40.png 640c381f0603f.png trexx
80%
2025 / 2026 pl.webp 6466d79e1ed40.png UNFAKE
80%
2025 / 2026 pl.webp 657b2f3fcd199.png westside
80%
2025 / 2026 tr.webp 632be9976b8fe.png xeus
80%
2023 fr.webp 627403a0d9e48.png xms
80%
2023 / 2024 / 2025 se.webp 62a4109ddbd7f.png 6670153fa9120.png Zyppan
80%
2025 tr.webp 63bd4a379f758.png batujnax
70%
2023 / 2024 lt.webp 6466d79e1ed40.png Destrian
70%
2025 / 2026 pl.webp 67667c7a563be.png 62a4109ddbd7f.png Filu
70%
2025 lt.webp 63bd4a379f758.png hype
70%
2024 / 2025 fr.webp 6670153fa9120.png Kada
70%
2025 ch.webp 6466d79e1ed40.png KovaQ
70%
2023 es.webp 637b755224c12.png Mixwell
70%
2023 / 2024 / 2025 / 2026 tr.webp 632be9976b8fe.png MrFaliN
70%
2025 tr.webp de.webp 6670153fa9120.png Proxh
70%
2023 / 2024 / 2025 tr.webp 632be9976b8fe.png qRaxs
70%
2023 / 2024 ru.webp 640c381f0603f.png 657b2f3fcd199.png Redgar
70%
2024 se.webp 67667c7a563be.png ShadoW
70%
2023 / 2024 / 2026 pl.webp 67667c7a563be.png 6670153fa9120.png starxo
70%
2023 / 2024 / 2025 / 2026 1280px-Flag_of_the_United_Nations.svg.png 62a4109ddbd7f.png 627403a0d9e48.png SUYGETSU
70%
2024 fr.webp 6670153fa9120.png TakaS
70%
2024 fr.webp 6670153fa9120.png Wailers
70%
2024 / 2025 / 2026 tr.webp 632be9976b8fe.png yetujey
70%
2023 tr.webp 65b8ccef5e273.png AsLanM4shadoW
60%
2025 pl.webp 67667c7a563be.png baddyG
60%
2023 fi.webp 6466d79e1ed40.png BONECOLD
60%
2023 / 2024 tr.webp 65b8ccef5e273.png Brave
60%
2023 / 2024 lt.webp 6466d79e1ed40.png ceNder
60%
2026 dk.webp 62a40cc2b5e29.png Desmo
60%
2025 us.webp 67667c7a563be.png flyuh
60%
2024 fr.webp 6670153fa9120.png logaN
60%
2026 tr.webp 67d59bfc9eb2a.png 6628980dcdaea.png nekky
60%
2025 pt.webp 63bd4a379f758.png OLIZERA
60%
2025 ee.webp 627403a0d9e48.png pyrolll
60%
2023 / 2024 tr.webp 65b8ccef5e273.png QutionerX
60%
2023 tr.webp 632be9976b8fe.png qw1
60%
2023 / 2025 gb.webp 640c381f0603f.png 67667c7a563be.png soulcas
60%
2023 tr.webp 65b8ccef5e273.png Turko
60%
2023 cz.webp 6466d79e1ed40.png Twisten
60%
2023 gb.webp 637b755224c12.png weber
60%
2026 tr.webp 67d59bfc9eb2a.png d3mur
50%
2026 tr.webp 6628980dcdaea.png ech0
50%
2023 / 2024 fi.webp 61dfcae52b0d8.png 657b2f3fcd199.png hoody
50%
2023 es.webp 67667c7a563be.png koldamenta
50%
2023 tr.webp 632be9976b8fe.png MOJJ
50%
2023 tr.webp 632be9976b8fe.png Muj
50%
2023 / 2024 lt.webp 61dfcae52b0d8.png 657b2f3fcd199.png nukkye
50%
2025 us.webp 63bd4a379f758.png oderus
50%
2024 tr.webp 65b8ccef5e273.png pAura
50%
2023 tr.webp 65b8ccef5e273.png SouhcNi
50%
2025 lt.webp 65b8ccef5e273.png vakk
50%
2023 bg.webp 67667c7a563be.png Wolfen
50%
2023 pl.webp 637b755224c12.png zeek
50%
2024 fi.webp 657b2f3fcd199.png Famsii
40%
2023 de.webp 640c381f0603f.png Harmii
40%
2024 tr.webp 65b8ccef5e273.png reazy
40%
2023 no.webp 61dfcae52b0d8.png rhyme
40%
2026 tr.webp 67d59bfc9eb2a.png sturNN
40%
No matching quizzes found
Score Distribution
Percent of People with Each Score
Percentile by Number Answered
Your Score History
You have not taken this quiz since the last reset